Normal view MARC view
  • Calculus with analytic geometry : a first course

Entry Topical Term

Number of records used in: 1

001 - CONTROL NUMBER

  • control field: 103143

003 - CONTROL NUMBER IDENTIFIER

  • control field: NUST

005 - DATE AND TIME OF LATEST TRANSACTION

  • control field: 20221119135226.0

008 - FIXED-LENGTH DATA ELEMENTS

  • fixed length control field: 221119|| aca||aabn | a|a d

040 ## - CATALOGING SOURCE

  • Original cataloging agency: NUST
  • Transcribing agency: NUST

150 ## - HEADING--TOPICAL TERM

  • Topical term or geographic name entry element: Calculus with analytic geometry : a first course

670 ## - SOURCE DATA FOUND

  • Source citation: Work cat.: (NUST)180706: Murray H. Protter 103142, Calculus with analytic geometry : a first course / , 1970
© 2023 Central Library, National University of Sciences and Technology. All Rights Reserved.